| 000 | 00488nam a2200181Ia 4500 | ||
|---|---|---|---|
| 008 | 240925s9999 xx 000 0 und d | ||
| 020 | _a23736607 | ||
| 082 | _a004.165 MAC | ||
| 100 | _aMackenzie ,Scott I. | ||
| 245 | 4 | _aThe 8051 Microcontroller | |
| 250 | _aNA | ||
| 260 |
_aNew Jersey: _bM & T Books _c,1995. |
||
| 300 |
_axv,448p. _bNA _fOriginal |
||
| 500 | _aIncludes Index | ||
| 600 | _aComputer Science | ||
| 650 | _aComputer science, information & general works | ||
| 942 | _cBK | ||
| 999 |
_c5382 _d5382 |
||